محافظة السويداء بلد الأثار والاصطياف
محفوظ في:
مؤلف مشترك:
التنسيق: كتاب
اللغة: Undetermined
منشور في:
Dimashq
almatbaeat aljadida
الوسوم: إضافة وسم
لا توجد وسوم, كن أول من يضع وسما على هذه التسجيلة!
رقم الطلب: E80 ALSU
| LEADER | 00394nam a2200121Ia 4500 | ||
|---|---|---|---|
| 008 | 240404s9999||||xx |||||||||||||| ||und|| | ||
| 050 | 4 | |a E80 ALSU | |
| 110 | 0 | |a مديرية التربية والتعليم فى السويداء. | |
| 245 | 1 | 0 | |a محافظة السويداء بلد الأثار والاصطياف |
| 264 | 1 | |a Dimashq |b almatbaeat aljadida | |
| 300 | |a 15 |c 22 | ||
| 942 | |2 lcc |c BK | ||
| 999 | |c 58143 |d 58143 | ||
